000 01803cam a2200145 4500500
005 20260405085556.0
041 _afre
042 _adc
100 1 0 _aGob, André
_eauthor
700 1 0 _aDrouguet, Noémie
_eauthor
245 0 0 _aLa muséologie : Histoire, développements, enjeux actuels
260 _bArmand Colin,
_c2021.
520 _aLa muséologie, à la croisée de la communication, la sociologie, l’histoire et la pédagogie, s’est imposée en tant que discipline académique et formation professionnelle à part entière. Cet ouvrage en dresse un panorama complet, illustré d’exemples, et présente les développements de la gestion, des techniques muséographiques les plus récentes ainsi que les fonctions que le musée est appelé à exercer au sein de la société. Il souligne la dimension politique de l’institution. Pour cette cinquième édition, les auteurs ont souhaité couvrir un large éventail de points de vue, en invitant des experts à s’exprimer à travers des « cartes blanches », regards singuliers sur cette « science des musées », évolutive et plurielle. En ces temps incertains où la culture est considérée comme facultative et les musées forcés à la fermeture pour des raisons sanitaires, il est plus que jamais essentiel que les acteurs de l’univers muséal développent une vision claire et engagée de leur action et de leurs institutions. Cet ouvrage est là pour y contribuer. Avec la participation d’Yves Bergeron, Manuelina Maria Duarte Candido, Guido Gryseels, Marie-Paule Jungblut, Joëlle Le Marec, François Mairesse, Raymond Montpetit, Dominique Poulot, Rudy Ricciotto, Xavier Roland et Martine Thomas-Bourgneuf.
856 4 1 _uhttps://shs.cairn.info/la-museologie--9782200630997?lang=fr&redirect-ssocas=7080
999 _c2198647
_d2198647